00996cam a2200277 i 4500999001900000001000800019003000500027005001700032008004100049010001700090020001800107040001800125050002600143082001700169100003200186245008500218250001200303260006000315300002700375490003100402655002800433800008400461906004500545942001200590952011600602 c233311d2333113700311Nust20170306161744.0800103t19811980nyu 000 1 eng  a 79027710  a9780006547211 aDLCcDLCdDLC00aPR6023.E833bS57 198100a823.914bLES1 aLessing, Doris,d1919-2013.14aThe Sirian experiments :bthe report by Ambien II, of the five /cDoris Lessing. a1st ed. aNew York :bKnopf :bdistributed by Random House,c1981 aviii, 331 p. ;c25 cm.1 aCanopus in Argos--archives 7aScience fiction.2gsafd1 aLessing, Doris,d1919-2013.tCanopus in Argos--archives (Alfred A. Knopf, Inc.) a7bcbccorignewd1eocipf19gy-gencatlg 2ddccBK 00102ddc40708FICaCLbCLcFICd2017-03-06l2o823.914 LESpCL365r2024-12-12s2024-09-02t1w2017-03-06yBK